1973-1978 Cinco años de orden, progreso y libertad

Guardat en:
Dades bibliogràfiques
Autor principal: Pinochet Ugarte, Augusto (1915-2006)
Format: Llibre
Idioma:espanyol
Publicat: Santiago División de Comunicación Social 1978
Matèries:
Etiquetes: Afegir etiqueta
Sense etiquetes, Sigues el primer a etiquetar aquest registre!

MARC

LEADER 00000nam a2200000 a 4500
001 UCT6902
003 CL-VaPUC
008 970113e19780000CL |||||||||||||||||spa|d
082 0 4 |a 320.983  |b PIN  |2 21 
100 |a Pinochet Ugarte, Augusto,  |e 1915-2006  |9 374419 
245 1 0 |a 1973-1978 Cinco años de orden, progreso y libertad 
300 |a 67 p 
942 |c BK 
945 |d 19970113 00:00:00  |a paguirre 
260 |a Santiago  |b División de Comunicación Social  |c 1978 
650 0 |a Política  |9 255312 
650 7 |a POLITICA INTERNA  |2 CL-VaPUC  |9 342443 
650 0 |a Gobierno   |9 255508 
650 0 |a Discursos   |9 265028 
650 0 |a Condiciones económicas  |9 258255 
650 0 |a Prosperidad   |9 377275 
651 7 |a CHILE  |2 CL-VaPUC  |9 377276 
583 |a last modification  |c 19970113 00:00:00  |k Rodrigo Vera 
999 |c 255571  |d 255569 
952 |0 0  |1 0  |4 0  |6 320_983000000000000_PIN_1978  |7 0  |8 A  |9 277857  |a BIBDER  |b BIBDER  |d 2019-11-19  |i 1803891  |o 320.983 PIN 1978  |p 1803891  |r 2023-01-25  |w 2019-11-19  |y BK  |k DER